000 01261nam a22002417a 4500
001 9740
003 FISKH
005 20260203155043.0
008 260203b cb ||||| |||| 00| 0 eng d
020 _a9781107660311
040 _aFISKH
_beng
_cFISKH
_dFISKH
050 _aPZ7
082 _a428
100 _aBurt, Sally
_eAuthor
245 _aCambridge primary English activity book 4 /
_cSally Burt and Debbie Ridgard
260 _aCambridge :
_bCambridge University Press ,
_c2015
300 _a136 pages :
_billustrations ;
_c28 cm
520 _aCambridge Primary English is a flexible, endorsed course written specifically to support Cambridge International Examinations' curriculum framework (Stages 1-6). This write-in Activity Book includes the following features. Activities which support, enrich and reinforce the core teaching in the Learner's Book, using the same themes and texts to enhance comprehension. Activities which are designed to build, practise and consolidate the reading and writing skills of all learners. Further activities and games targeting specific grammar and language points, extra writing and spelling activities.
650 _aLearner's book
700 _aMedwell, Claire
_eAuthor
942 _2ddc
_cBK
_n0
999 _c9740
_d9740